So You Think You Know: Assassin's Creed - Statistics

General Stats
  • This quiz has been taken 110 times
  • The average score is 4 of 19
Answer Stats
Question Answer % Correct
4. Which body part did early Assassins have to sacrifice? Their ring finger
71%
3. Who created the Pieces of Eden? The Isu/The Precursors/Those who came before/The First Civilization/Homosapiens Divinus
65%
7a) What AC game is the achievement 'Baguette Boyband' in? Assassin's Creed: Unity
61%
1. What are the Three tenets of the Creed? Hide in plain sight
40%
1. What are the Three tenets of the Creed? Never compromise the Brotherhood
37%
1. What are the Three tenets of the Creed? Stay your blade from the flesh of an innocent
33%
6. What types of Bombs could Ezio craft in AC: Revelations? Cherry Bomb
13%
5. Where were Jacob and Evie Frye born? Crawley, West Sussex, England
12%
6. What types of Bombs could Ezio craft in AC: Revelations? Blood Bomb
4%
6. What types of Bombs could Ezio craft in AC: Revelations? Caltrop Bomb
4%
6. What types of Bombs could Ezio craft in AC: Revelations? Datura Bomb
4%
6. What types of Bombs could Ezio craft in AC: Revelations? Splinter Bomb
4%
6. What types of Bombs could Ezio craft in AC: Revelations? Smoke Screen Bomb
2%
6. What types of Bombs could Ezio craft in AC: Revelations? Stink Bomb
2%
6. What types of Bombs could Ezio craft in AC: Revelations? Thunder Bomb
2%
2. Who voices Leonardo Da Vinci? Carlos Ferro
1%
7b) How do you get the 'Baguette Boyband' achievement? Complete a Co-Op Mission
1%
6. What types of Bombs could Ezio craft in AC: Revelations? Gold Bomb
1%
6. What types of Bombs could Ezio craft in AC: Revelations? Smoke Decoy Bomb
1%
No matching quizzes found
Score Distribution
Percent of People with Each Score
Percentile by Number Answered
Your Score History
You have not taken this quiz